000 00302nam a22001337a 4500
008 171002b xxu||||| |||| 00| 0 eng d
020 _a0030715970
041 _aeng
080 _a159.9
100 _a48
101 _aPSI
245 _aPOST-TRAUMATIC STRESS DISORDER
_cSCRIGNAR,C.B
942 _2udc
_cBK
999 _c31244
_d31244